| 000 | ncm a22 7a 4500 | ||
|---|---|---|---|
| 999 |
_c349566 _d349566 |
||
| 003 | BLK | ||
| 005 | 20200522141750.0 | ||
| 008 | 200325b bu ||a||r|||| 00| 0 bu d | ||
| 040 | _aBLK | ||
| 041 |
_aBUL _cBUL |
||
| 080 |
_aКамерна вок. муз. Песни, балади, арии, романси _b784.3 _z784.3 |
||
| 139 |
_aСлушайте, братя българи! _bС 45 |
||
| 245 |
_aСлушайте, братя българи! _bПесни, посветени на Септемврийското въстание 1923 г. : [за соло пеене и хор - различни състави със и без съпровод на пиано _cсъстав. и ред. Емил Емануилов |
||
| 260 |
_9209548 _aСофия _bНаука и изкуство _c1973 |
||
| 300 |
_a96 с. _c28 см |
||
| 380 | _a7 | ||
| 500 | _aСъдържа: Слушайте, братя българи! : народна песен : за соло пеене, f1-d2 и съпровод на пиано / обраб. Александър Райчев. Земя, земя : за соло пеене или 1-гласен хор и съпровод на пиано / Александър Райчев ; текст Лиляна Стефанова. Макове алени : за соло пеене или 1-гласен хор и съпровод на пиано / текст Орлин Орлинов. Реквием : за смесен хор и съпровод на пиано / текст Лиляна Стефанова. Апотеоз : за соло пеене, смесен хор и съпровод на пиано / текст Лиляна Стефанова. Конници : за мъжки хор / Петко Стайнов ; текст Никола Фурнаджиев. Никодим : за 2-гласен хор и съпровод на пиена / Светослав Обретенов ; текст Крум Кюлявков. Весела песен : за 3-гласен хор / текст Николай Хрелков. Безсмъртни : за 4-гласен смесен хор / Георги Димитров ; текст Асен Разцветников. Песен за Септемврийското въстание : за смесен хор и съпровод на пиано ; Година 1923-та : за смесен хор и съпровод на пиано ; Песен за Димитров : за соло, смесен хор и съпровод на пиано ; Септемврийска песен за Съветска Русия : за мъжки хор ; Песен за народното хоро : за мъжки хор и съпровод на пиано ; Песен на надеждата : за соло, смесен хор и съпровод на пиано ; Кантата за Родината : за соло, смесен хор и съпровод на пиано / Жул Леви ; текст Николай Парушев. Конникът от 23-та г. : за смесен хор / Йоско Йосифов ; текст Димитър Точев. Балада за септемврийския въстаник : зъ мъжки хор и съпровод на пиано / Димитър Петков ; текст Николай Зидаров. Потомци : за соло, смесен хор и съпровод на пиано / Александър Йосифов ; текст Димитър Точев | ||
| 650 | 7 |
_9166143 _aПесни, патриотични, български |
|
| 852 | _aЦб М ІІ 6460 | ||
| 942 |
_cNOT _n0 _s1 |
||
| 944 |
_aCR _kВ. Т. |
||
| 999 | _d349566 | ||
| 999 | _d349566 | ||
| 999 | _d349566 | ||